000 00342nam a22001457a 4500
008 240311b |||||||| |||| 00| 0 eng d
020 _a9789354660368
040 _a02
082 _a546.012(GUP)
100 _aGUPTA,ARUN KUMAR
245 _aTEXT BOOK OF PHARMACEUTICAL INORGANIC CHEMISTRY
260 _bCBS
300 _a176
942 _c01
999 _c58548
_d58548